000 00612nam a22001937a 4500
999 _c183976
_d183976
005 20220110111031.0
010 _aENG-131040-41
020 _a978-93-528-384-55
_c570.00
020 _a978-93-528-390-94
_c560.00
035 _aEN-114572-73
037 _bDBAD
082 _a510
100 _aMalhotra, O.P.
245 _aMathematics:
_cO.P. Malhotra, S.K. Gupta, Anubguti Gangal
260 _aNew Delhi
_bS Chand School Books
_c2022
270 _bNew Delhi
_aA-27, 2nd Floor, Mhan Co-operative Industrial Estate
_e110044
300 _a252p., 347p.
_c27cm(pbk)
942 _2ddc
_cEN
_h510
_mMAL